|
|
|
|
| LEADER |
01905nam a2200541 a 4500 |
| 001 |
001145513 |
| 003 |
CZ BrMZK |
| 005 |
20110517100903.0 |
| 007 |
ta |
| 008 |
110411s2010 xxu e 001 0 eng |
| 020 |
|
|
|a 978-1-59853-064-3
|q (váz.)
|
| 040 |
|
|
|a BOA001
|b cze
|
| 043 |
|
|
|a n-us---
|
| 045 |
|
|
|a v-w-
|
| 072 |
|
7 |
|a 34
|x Právo
|2 Konspekt
|9 16
|
| 080 |
|
|
|a 929
|2 MRF
|
| 080 |
|
|
|a 32-051
|2 MRF
|
| 080 |
|
|
|a 34-051
|2 MRF
|
| 080 |
|
|
|a 32-051
|2 MRF
|
| 080 |
|
|
|a 34
|2 MRF
|
| 080 |
|
|
|a 347.99
|2 MRF
|
| 080 |
|
|
|a (73)
|2 MRF
|
| 080 |
|
|
|a (094)
|2 MRF
|
| 080 |
|
|
|a (044)
|2 MRF
|
| 080 |
|
|
|a (081.1)
|2 MRF
|
| 100 |
1 |
|
|a Marshall, John,
|d 1755-1835
|7 vse2005315900
|4 aut
|
| 245 |
1 |
0 |
|a Writings /
|c John Marshall
|
| 250 |
|
|
|a 1st print.
|
| 260 |
|
|
|a New York, N.Y. :
|b Library of America,
|c c2010
|
| 300 |
|
|
|a xiv, 950 s. ;
|c 21 cm
|
| 490 |
1 |
|
|a The library of America ;
|v 198
|
| 500 |
|
|
|a Chronologický přehled
|
| 504 |
|
|
|a Obsahuje bibliografické odkazy a rejstřík
|
| 600 |
1 |
7 |
|a Marshall, John,
|d 1755-1835
|7 vse2005315900
|2 czenas
|
| 648 |
|
4 |
|a 18.-19. stol.
|
| 650 |
0 |
7 |
|a politici
|7 ph115781
|z Spojené státy americké
|y 18.-19. stol.
|2 czenas
|
| 650 |
0 |
7 |
|a právníci
|7 ph124721
|z Spojené státy americké
|y 18.-19. stol.
|2 czenas
|
| 650 |
0 |
7 |
|a státníci
|7 ph117269
|z Spojené státy americké
|y 18.-19. stol.
|2 czenas
|
| 650 |
0 |
7 |
|a právo
|7 ph115914
|z Spojené státy americké
|y 18.-19. stol.
|2 czenas
|
| 650 |
0 |
7 |
|a soudnictví
|7 ph125852
|z Spojené státy americké
|y 18.-19. stol.
|2 czenas
|
| 655 |
|
7 |
|a dokumenty
|7 fd132064
|2 czenas
|
| 655 |
|
7 |
|a korespondence
|7 fd132681
|2 czenas
|
| 655 |
|
7 |
|a sebrané spisy
|7 fd133355
|2 czenas
|
| 830 |
|
0 |
|a Library of America (Library of America)
|
| 910 |
2 |
|
|a BOA001
|b 2-1265.654
|
| 990 |
|
|
|a BK
|
| 991 |
|
|
|b 201105
|c NOV
|e n
|
| 996 |
7 |
|
|b 2610477843
|c 2-1265.654
|l Americká knihovna/3.patro
|r ZHR
|n 0
|p dar
|h F-mar
|w 001178563
|u 000010
|a 0
|e BOA001
|j MZK50
|s A
|